[Event "Sachsen-ch U18 Girls"]
[Site "Sebnitz"]
[Date "2007.04.13"]
[Round "5"]
[White "Dietz, Constanze"]
[Black "Pigors, Lis"]
[Result "1-0"]
[WhiteElo "1191"]
[BlackElo "790"]
[PlyCount "73"]
[EventDate "2007.04.10"]
[EventType "swiss"]
[EventRounds "7"]
[EventCountry "GER"]
[SourceTitle "EXT 2008"]
[Source "ChessBase"]
[SourceDate "2007.11.25"]
[SourceVersion "1"]
[SourceVersionDate "2007.11.25"]
[SourceQuality "1"]

1. e4 d5 2. exd5 Qxd5 3. Nc3 Qd6 4. Nf3 Nf6 5. d3 a6 6. h3 b6 7. Be3 Bb7 8. Be2 e6 9. Qd2 Be7 10. Bf4 Qd8 11. Nd1 Nbd7 12. Ne3 0-0 13. 0-0 Nh5 14. Ng4 h6 15. Be3 Ndf6 16. Nge5 Bd6 17. Nc4 Bh2+ 18. Kxh2 b5 19. Nce5 Ne4 20. dxe4 Qf6 21. Nd7 Qe7 22. Nxf8 Rxf8 23. Bd3 Qd6+ 24. e5 Qd7 25. Bh7+ Kxh7 26. Qxd7 Be4 27. c3 c6 28. Qd4 Bf5 29. g4 Bg6 30. gxh5 Bxh5 31. Nh4 f6 32. exf6 g6 33. Rg1 Rg8 34. Qd7+ Kh8 35. f7 Rf8 36. Qe7 Rc8 37. Bd4+ 1-0

[Event "Sachsen-ch U18 Girls"]
[Site "Sebnitz"]
[Date "2007.04.10"]
[Round "1"]
[White "Pigors, Lis"]
[Black "Fladerer, Claudia"]
[Result "0-1"]
[WhiteElo "790"]
[BlackElo "1393"]
[PlyCount "70"]
[EventDate "2007.04.10"]
[EventType "swiss"]
[EventRounds "7"]
[EventCountry "GER"]
[SourceTitle "EXT 2008"]
[Source "ChessBase"]
[SourceDate "2007.11.25"]
[SourceVersion "1"]
[SourceVersionDate "2007.11.25"]
[SourceQuality "1"]

1. e4 c5 2. c4 Nc6 3. Nf3 d6 4. Nc3 Nf6 5. d3 g6 6. Be3 Bg7 7. Qc2 0-0 8. 0-0-0 Bd7 9. g3 Ng4 10. Bf4 Nd4 11. Qd2 Nxf3 12. Qe2 Nd4 13. Qe1 a6 14. Bg2 Rb8 15. h3 Nf6 16. e5 Ne8 17. Qe3 Nf5 18. Qe4 Bc6 19. Nd5 e6 20. Qe2 exd5 21. cxd5 Nd4 22. Qg4 Bd7 23. e6 fxe6 24. Rde1 e5 25. Qd1 exf4 26. gxf4 Rxf4 27. Qd2 Qf6 28. Rhf1 Rc8 29. Re3 c4 30. dxc4 Rxc4+ 31. Kb1 Bf5+ 32. Be4 Bxe4+ 33. Rxe4 Rxe4 34. Qd3 Ne2 35. Qxe4 Qxb2# 0-1